000 00741nam a2200241Ia 4500
003 OSt
005 20220925204029.0
006 a|||||r|||| 00| 0
007 ta
008 220923b |||||||| |||| 00| 0 eng d
037 _cGeneral Book
040 _aRTL
_cRTL
_beng
041 _2eng
_aeng
082 _aX:54.2770k3.M26<---L71, H9
100 _aBhuyan S. K.
_995261
245 0 _aAnglo-Assamese relations, 1771-1826
_b A history of
260 _aGauhati
_bGovernment of Assam India
_c1949
300 _axix, 641p. Bibliography p.598-614
_ccm.
650 _a Economics
650 _aInternational Trade
942 _hX:54.2770k3.M26<---L71, H9
_cGB
_2CC
999 _c548391
_d548391